LEADER 00990nam a2200241 i 4500 001 000000080860 003 CaOOAMICUS 005 20030212000000.0 008 030212s1961 it u000 u ita u 013 $a53098 040 $aSeMil$bita 100 1 $aHolzner, Josef,$d<1877-1947>.$0(OLS)http://semarc/name/23567 240 10$aSein Leben und seine Briefe in religionsgeschichtlichem. Zusammenhang dargestellt.$0(OLS)http://semarc/title/404194 245 12$aL'apostolo Paolo /$cJosef Holzner. 250 $a5. Edizione. 260 $aBrescia :$bMorcelliana,$c1961. 300 $a597 p. :$bill., [41] p. di tav. ;$c23 cm. 600 04$aPaolo .$0(OLS)http://semarc/subject/1316 850 $aSeMil 852 $aSeMil$W1$xVenegono$y1$m2W III 11$j261183$B46232$CSeMilBibl$Z2$F48457 $81 961 $aRecupero: Seminario di Seveso 996 $6245$aL'apostolo Paolo$9(OLS)http://semarc/title/184121 996 $6260$aBrescia :$bMorcelliana$9(OLS)http://semarc/publisher/29629 LEADER 00551nam a2200157 i 4500 001 000000103735 003 CaOOAMICUS 005 20011011000000.0 008 011011s1957 fr u000 u fre u 013 $a75915 040 $aSeMil$bita 245 10$aInterférences - Pittoni. 773 0 $tDictionnaire de droit canonique.$dParis : Letouzey et Ané, 1935-1965.$gTome6$w()6718 850 $aSeMil 852 $aSeMil$W1$xVenegono$y1$mSL1.N VIII 19$j258213$B60187$CSeMilBibl$Z2$F44658 $8I 996 $6245$aInterférences - Pittoni$9(OLS)http://semarc/title/150551